| 000 | 00458nam a22001817a 4500 | ||
|---|---|---|---|
| 003 | CEME | ||
| 005 | 20210628202847.0 | ||
| 008 | 210118b xxu||||| |||| 00| 0 eng d | ||
| 020 | _a81-7319-741-5 | ||
| 040 | _c. | ||
| 082 | _a515 SHI | ||
| 100 |
_aShirali, Satish, Vasudeva, Harkrishan L _961998 |
||
| 245 | _aMathematical analysis | ||
| 260 |
_aNEW DELHI _bNAROSA _c2006 |
||
| 300 | _a440 P | ||
| 650 |
_aMATHEMATICAL ANALYSIS _9198 |
||
| 942 |
_cBK _2ddc |
||
| 999 |
_c571252 _d571252 |
||